00483nam a2200085Ia 4500008004100000245002000041300027500061650001600336856004500352170517s9999 xx 000 0 und d 4aThe Age of AIDS aOn the 25th anniversary of the first diagnosed cases of AIDS, FRONTLINE examines one of the worst pandemics the world has ever known in The Age of AIDS. After a quarter century of political denial and social stigma, of stunning scientific breakthroughs, bitter policy... xTechnology. uhttp://topdocumentaryfilms.com/age-aids/